| 000 | 01160nam0a22003011 4500 | ||
|---|---|---|---|
| 001 | RU\NLR\INFOCOMM_18\5000670312 | ||
| 005 | 20250613105852.0 | ||
| 035 | _a(NLR Aleph) 009539050 | ||
| 090 |
_a8934452 _c8934452 |
||
| 100 | _a20110307d1980 |||y0rusy50 ca | ||
| 101 | 1 |
_aspa _crus |
|
| 102 | _aRU | ||
| 105 | _ay ||||000|y | ||
| 200 | 1 |
_aChile _e"Legisla" el fascismo _e[Trad. del ruso] _fPável Grisháev, Stanislav Chibiriáev |
|
| 210 |
_aM. _cProgreso _d1980 |
||
| 215 |
_a278 с. _d21 см |
||
| 300 | _aНа обороте тит. л.: Чили: "Законодательствует" фашизм / Павел Гришаев, Станислав Чибиряев | ||
| 606 |
_aПолитическая реакция _yЧили _z20 в. _2nlr_sh1 |
||
| 686 |
_aТ3(7Чи)63-49 _2rubbk |
||
| 700 | 1 |
_9z03790 _aGrišaev _bP. I. _f1918- _gPavel Ivanovič _4070 |
|
| 701 | 1 |
_9z04790 _aČibirjaev _bS. A. _f1940- _gStanislav Archipovič _4070 |
|
| 790 | 1 |
_9z03700 _aGrisháev _bP. _gPável _4070 |
|
| 790 | 1 |
_9z04701 _aChibiriáev _bS. _gStanislav _4070 |
|
| 801 | 1 |
_aRU _bNLR _c20110307 |
|
| 801 | 0 |
_aRU _bNLR _gPSBO |
|
| 852 |
_aNLR _jИ97 Д-3/396 |
||
| 942 | _cBOOK | ||
| 980 | _aNB | ||